Riconosci la Squadra di calcio - Quiz n°118 - Statistics

Statistiche generali
  • Questo quiz è stato fatto 6 volte
  • Il punteggio medio è 8 su 10
Statistiche sulle risposte
Indizio Risposta % Corretto
Simboli Aquila
100%
Colori sociali Bianco, verde
100%
Capienza Stadio 23 700 posti
83%
Divisione nazionale 2023-2024 Prima
83%
Confederazione UEFA
83%
Fondazione 1899
67%
Trofei internazionali 1 Coppe delle Fiere
2 Coppe Mitropa
1 Challenge-Cup
1 Coppa Intertoto
67%
Trofei nazionali 24 Coppe d'Ungheria
6 Supercoppe d'Ungheria
2 Coppe di Lega ungheresi
67%
Titoli nazionali 35 campionati ungheresi 1 NBII
67%
Squadra Ferencváros
67%
Nessun quiz corrispondente trovato
Distribuzione punteggi
Percentuale di utenti per punteggio
Percentile per numero di risposta
I tuoi punteggi nel tempo
Non hai fatto questo quiz